| 000 | 00385nam a2200181Ia 4500 | ||
|---|---|---|---|
| 008 | 210210b1784 xxu||||| |||| 00| 0 eng d | ||
| 041 | _aeng | ||
| 082 | _a444/401 | ||
| 100 | _aBEAUMARCHAIS | ||
| 245 | _aTheatre choisi Tome II | ||
| 260 |
_aParis _b- _c1784 |
||
| 650 | _aTome | ||
| 650 | _aTheatre | ||
| 650 | _aII | ||
| 650 | _achoisi | ||
| 690 | _aFrench | ||
| 906 | _a006596 | ||
| 999 |
_c129585 _d129585 |
||